[Event "Cez Trophy 2013"]
[Site "Prague CZE"]
[Date "2013.06.11"]
[Round "1"]
[White "Hou, Yifan"]
[Black "Navara, David"]
[Result "1/2-1/2"]
[WhiteTitle "GM"]
[BlackTitle "GM"]
[WhiteElo "2595"]
[BlackElo "2707"]
[WhiteFideId "8602980"]
[BlackFideId "309095"]
[EventDate "2013.06.11"]

1. e4 c5 2. Nf3 d6 3. d4 cxd4 4. Nxd4 Nf6 5. Nc3 a6 6. Be2 e6 7. O-O Be7 8. f4
Qc7 9. Kh1 O-O 10. a4 Nc6 11. Be3 Re8 12. Bf3 Rb8 13. Qd2 Bd7 14. Nb3 b6 15. Bf2
Bc8 16. Bg3 Nd7 17. Rae1 Na5 18. e5 Nxb3 19. cxb3 dxe5 20. fxe5 Bb7 21. Ne4 Bxe4
22. Bxe4 a5 23. Qf4 Rf8 24. Rf3 b5 25. Bh4 Nc5 26. Rg3 g6 27. Bxe7 Qxe7 28. axb5
Rxb5 29. Bc2 Rb4 30. Qh6 Rh4 31. Qd2 Qd8 32. Qc3 Na6 33. Rd3 Qb8 34. Rd6 Rc8 35.
Qxa5 Kg7 36. Rb6 Qc7 37. Qxa6 Qxc2 38. Qf1 Qf5 39. Qxf5 gxf5 40. h3 Rc2 41. Rb7
Rh6 42. Rd1 Rg6 43. g4 fxg4 44. Rf1 gxh3 45. Rfxf7+ Kh6 46. Rxh7+ Kg5 47. Rxh3
Kf4 48. Rb4+ Kxe5 49. Re3+ Kd6 50. Rd3+ Ke7 51. Re4 Rxb2 52. Rde3 Rc2 53. Re2
Rc5 54. b4 Rh5+ 55. Rh2 Rhg5 56. Rhe2 Kd6 57. Rd2+ Kc6 58. Ree2 Kb5 59. Re4 e5
60. Rd5+ Kc6 61. Rc5+ Kd6 62. Rh4 Rg1+ 63. Kh2 R1g2+ 64. Kh1 Rb2 65. Ra5 Rb1+ 1/2-1/2

[Event "Cez Trophy 2013"]
[Site "Prague CZE"]
[Date "2013.06.13"]
[Round "3"]
[White "Hou, Yifan"]
[Black "Navara, David"]
[Result "1/2-1/2"]
[WhiteTitle "GM"]
[BlackTitle "GM"]
[WhiteElo "2595"]
[BlackElo "2707"]
[WhiteFideId "8602980"]
[BlackFideId "309095"]
[EventDate "2013.06.11"]

1. e4 c5 2. Nf3 d6 3. d4 cxd4 4. Nxd4 Nf6 5. Nc3 a6 6. Be3 e6 7. Be2 Qc7 8. g4
d5 9. exd5 Bb4 10. Qd3 Nxd5 11. Bd2 Nxc3 12. Bxc3 Bxc3+ 13. Qxc3 Qxc3+ 14. bxc3
Nd7 15. O-O-O Nc5 16. Bf3 Bd7 17. Nb3 Rc8 18. Nxc5 Rxc5 19. Bxb7 Bb5 20. Rd6 Ke7
21. Rhd1 h5 22. a4 Bxa4 23. Rxa6 Bb5 24. Ra5 hxg4 25. c4 Rxc4 26. Rxb5 Rxh2 27.
Ba6 Ra4 28. Rb7+ Kf6 29. Rdd7 Rxa6 30. Rxf7+ Ke5 31. Rb5+ Kd6 32. Rg5 Ra1+ 33.
Kb2 Rf1 34. Rgxg7 1/2-1/2